| 000 | 00000nas 2200000za 4500 |
| 001 | 9.840689 |
| 003 | CaOODSP |
| 005 | 20240415142528 |
| 007 | cr ||||||||||| |
| 008 | 170731d20142018nfcar p o f0###|0fre|d |
| 040 | |aCaOODSP|bfre |
| 043 | |an-cn-nf |
| 086 | 1 |aCC527-2F-PDF |
| 110 | 2 |aMarine Atlantique s.c.c. |
| 245 | 10|aLoi sur l'accès à l'information |h[ressource électronique] : |bMarine Atlantique S.C.C. rapport annuel au Parlement. |
| 260 | |a[St. John's, Terre-Neuve-et-Labrador] : |bMarine Atlantique, |c[2014]-[2018] |
| 310 | |aAnnuel |
| 362 | 1 |aParaît depuis: 1er avril 2013 au 31 mars 2014; ne paraît plus après 1er avril 2017 au 31 mars 2018. |
| 500 | |aPubl. aussi en anglais sous le titre : Access to Information Act, Marine Atlantic Inc. annual report to Parliament. |
| 500 | |aTitre de la couv. |
| 692 | 07|2gccst|aTraversier |
| 692 | 07|2gccst|aAccès à l'information |
| 775 | 08|tAccess to Information Act |w(CaOODSP)9.840684 |